Die Erschütterung der volkommenen Welt : die Wirkung des Erdbebens von Lissabon im Spiegel europäischer Zeitgenossen /

Saved in:
Bibliographic Details
Other Authors: Breidert, Wolfgang, 1937-
Format: Book
Language:German
Published: Darmstadt : Wissenschaftliche Buchgesellschaft, c1994.
Subjects:
Tags: Add Tag
No Tags, Be the first to tag this record!
LEADER 00736nam a2200205Ka 4500
001 004909159-X
005 20020606095253.2
008 960116s1994 gw b 001 0 ger d
020 |a 3534120795 
035 0 |a ocm34039055 
040 |a NYP  |c NYP 
043 |a e-po--- 
245 0 4 |a Die Erschütterung der volkommenen Welt :  |b die Wirkung des Erdbebens von Lissabon im Spiegel europäischer Zeitgenossen /  |c herausgegeben von Wolfgang Breidert. 
260 |a Darmstadt :  |b Wissenschaftliche Buchgesellschaft,  |c c1994. 
300 |a vi, 234 p. ;  |c 22 cm. 
504 |a Includes bibliographical references (p. [221]-230) and index. 
650 0 |a Earthquakes  |z Portugal  |z Lisbon. 
700 1 |a Breidert, Wolfgang,  |d 1937- 
988 |a 20020608 
906 |0 OCLC